| 000 | 00738nam a2200229 a 4500 | ||
|---|---|---|---|
| 001 | 000011448 | ||
| 005 | 20240412074226.0 | ||
| 008 | 091019s2006 dr ac 001 0 spa d | ||
| 020 | _a1932271678 | ||
| 040 |
_aDO-SdBNP _bspa _cBNPHU |
||
| 082 |
_aRD862.44 _bR696M |
||
| 100 | 1 |
_aRodríguez, Alberto _927134 |
|
| 245 | 1 | 0 |
_aMarta y Cristobal : _bla aventura, pieza en cuatro cuadros / _cAlberto Rodríguez. |
| 260 |
_aSanto Domingo : _bIsla Negra, _c2006. |
||
| 300 |
_a61 p. : _bil., retrs. ; _c13 cm. |
||
| 490 | 1 | _aLos pies de Edipo | |
| 500 | _aIncluye datos biográficos del autor en la solapa | ||
| 650 | 0 |
_aTeatro dominicano _9637 |
|
| 650 | 0 |
_aLiteratura dominicana. _967 |
|
| 830 | 0 |
_aLos pies de Edipo _927135 |
|
| 049 | _aBNPD | ||
| 999 |
_c11149 _d11149 |
||